Responses for Show #5741 - Monday, July 20, 2009

Stefan Goodreau game 1.
Champion Update #6: David Madden.

Contestants

[<< previous game]

Ellyn Feerick, a middle school English teacher from Driggs, Idaho

Stefan Goodreau, a video game tester and camp counselor from Los Angeles, California

Peter Wiscombe, a computer engineer from High Point, North Carolina (whose 1-day cash winnings total $16,799)

[next game >>]

Jeopardy! Round responses

MONDAY, MONDAY
CELEBRITY YEARBOOK SUPERLATIVES
STORYTELLERS
U.S. ARMY 5-STAR GENERALS
MAGAZINES
"HOT" STUFF
    $200 26
the Moon

Ellyn
    $200 21
Oprah Winfrey

Peter
    $200 6
Robert Louis Stevenson

Stefan
    $200 1
Eisenhower

Stefan
    $200 11
Rolling Stone

Stefan
    $200 16
a hothouse

Peter
    $400 27
Sunday

Ellyn
    $400 22
Tiger Woods

Stefan
    $400 7
John Grisham

Peter
    $400 2
MacArthur

Stefan
    $400 12
Forbes

Peter
    $400 17
hot-wiring

Stefan
    $600 28
face

Stefan
    $600 23
Natalie Portman

Stefan
    $600 8
Asimov

Stefan
    $600 3
(George) Marshall

Peter
    $600 13
Bon Appétit

Stefan
    $600 18
hotcakes

Stefan
    $800 29
Black Monday

Peter
    $800 24
Sandra Bullock

Peter
    $800 9
Hemingway

Stefan
    $800 4
Pershing

Peter
    $800 14
Parade

Peter
    $4,000 19
Hot Springs

Stefan
    $1000 30
(Alex: [Chuckling] Good for you. Another $1,000 clue coming your way...)

December 8th

Ellyn
    $1000 25
(Alex: And you pick up another $1,000. You only seem to come in on those $1,000 clues. Select again.)
(Ellyn: [Laughs] Whatever works.)

Matthew McConaughey

Ellyn
    $1000 10
The Alchemist

Ellyn
    $1000 5
General Omar Bradley

Triple Stumper
    $1000 15
Simple

Ellyn
    $1000 20
HotBot

Stefan

Scores at the first commercial break (after clue 15):

Peter Stefan Ellyn
$3,000 $3,000 $2,000

Scores at the end of the Jeopardy! Round:

Peter Stefan Ellyn
$5,000 $10,600 $4,600

Double Jeopardy! Round responses

EUROPEANA
TV MEDICAL SHOWS BY HOSPITAL
HABITAT FOR YOU, MANATEE
RIPLEYS
BELIEVE
"IT" OR "NOT"
    $400 4
Zurich

Stefan
    $400 1
Grey's Anatomy

Ellyn
    $400 11
Florida

Stefan
    $400 26
backwards

Ellyn
    $400 16
UFOs (or flying saucers)

Stefan
    $400 21
a witch

Ellyn
    $800 5
a senate

Peter
    $800 2
St. Elsewhere

Stefan
    $800 12
the Amazon

Peter
    $800 27
(Peter: What is Scotland?)
(Ellyn: What is Wales?)

England (the United Kingdom acceptable)

PeterEllyn
Triple Stumper
    $800 17
(Ellyn: What is Atlantis?)

the Bermuda Triangle

StefanEllyn
    $2,000 22
(Alex: Nothing?)
[The time's-up signal sounds.]
(Ellyn: What is nocturnal?)
(Alex: No. The Greek god is Hypnos.)

hypnotic (or hypnotizing)

Ellyn
    $1200 6
the Père-Lachaise Cemetery

Triple Stumper
    $1200 3
House (M.D.)

Peter
    $1200 13
Africa

Stefan
    $1200 28
South Carolina

Peter
    $1200 18
Nessie (the Loch Ness Monster)

Stefan
    $1200 23
spit

Peter
    $2,000 7
(Peter: Who is... Saladin?)
(Alex: No. If you take Jebal and Tariq--Jebal, Tariq, Jebal, Tar--[*]. [*].)
[ERRATUM: A typographical error in the clue as displayed and read by Alex left the general's name as "Tariq ibn Zizad" rather than "Tariq ibn Ziyad".]

Gibraltar

Peter
    $1600 9
Scrubs

Triple Stumper
    $1600 14
Puerto Rico

Triple Stumper
    $1600 29
the Smithsonian

Ellyn
    $1600 19
mothman

Triple Stumper
    $1600 24
monotonous

Stefan
    $2000 8
Liechtenstein

Stefan
    $2000 10
Trapper John, M.D.

Peter
    $2000 15
Chiapas

Triple Stumper
    $2000 30
Fort Worth

Ellyn
    $2000 20
a jackalope

Stefan
    $2000 25
(Stefan: What is punitive?)

restitution

Stefan
Triple Stumper

Scores at the end of the Double Jeopardy! Round:

Peter Stefan Ellyn
$9,400 $19,400 $5,800
(lock game)

[wagering suggestions for these scores]

Final Jeopardy! Round responses

POETS ON POETS
(Alex: [After revealing Stefan's response] Yes, a reference to him being a Tuscan and voyaging through Hell.)
EllynWho is Petrach?
$3,601
PeterWho was Shelly?
$600
StefanWho is Dante?
$517
Dante Alighieri

Final scores:

Peter Stefan Ellyn
$8,800 $19,917 $2,199
2nd place: $2,000 New champion: $19,917 3rd place: $1,000

Game dynamics:

Coryat scores:

Peter Stefan Ellyn
$11,400 $16,200 $7,800
15 R,
2 W
(including 1 DD)
24 R
(including 1 DD),
1 W
11 R,
3 W
(including 1 DD)

Combined Coryat: $35,400

[game clues] [game scores] [suggest correction]

Game tape date: 2009-03-31
The J! Archive is created by fans, for fans. Scraping, republication, monetization, and malicious use prohibited; this site may use cookies and collect identifying information. See terms. The Jeopardy! game show and all elements thereof, including but not limited to copyright and trademark thereto, are the property of Jeopardy Productions, Inc. and are protected under law. This website is not affiliated with, sponsored by, or operated by Jeopardy Productions, Inc. Join the discussion at JBoard.tv.